2026 full NBA MOCK draft - Statistics

General Stats
  • This quiz has been taken 52 times
    36 since last reset
  • The average score is 29 of 60
Answer Stats
Draft Position Team College Player % Correct
4. F Bulls North Carolina Caleb Wilson
93%
3. F Grizzlies Duke Cameron Boozer
93%
2. G Jazz Kansas Darryn Peterson
93%
16. F Grizzlies Arizona Koa Peat
93%
1. F Wizards BYU AJ Dybantsa
90%
6. G Nets Arkansas Darius Acuff Jr.
90%
7. G Kings Houston Kingston Flemmings
86%
11. C Warriors Michigan Aday Mara
79%
9. G Mavericks Arizona Brayden Burries
79%
10. F Bucks Tennessee Nate Ament
79%
12. F Thunder Michigan Yaxel Lendeborg
79%
5. G Clippers Illinois Keaton Wagler
76%
8. G Hawks Lousiville Mikel Brown Jr.
76%
37. F Thunder Duke Maliq Brown
72%
23. F/C Hawks Houston Chris Cenac Jr.
69%
13. G Heat Alabama LaBaron Philon Jr.
69%
20. F Spurs New Zealand Breakers Karim Lopez
66%
17. F Thunder Michigan Morez Johnson Jr.
66%
15. G/F Bulls Baylor Cameron Carr
62%
14. F/C Hornets Washington Hannes Steinbach
62%
30. F Mavericks Baylor Tounde Yessoufou
59%
21. F Pistons Texas Dailyn Swain
55%
19. C Raptors Kentucky Jayden Quaintance
55%
26. G Nuggets Iowa Bennett Stirtz
52%
39. G Rockets Purdue Braden Smith
52%
18. G Hornets Texas Tech Christian Anderson Jr.
52%
27. F Celtics Duke Isaiah Evans
52%
29. F Cavaliers Arkansas Meleek Thomas
52%
31. F Knicks UConn Alex Karaban
48%
32. F Grizzlies Santa Clara Allen Graves
45%
28. G Timberwolves Stanford Ebuka Okorie
45%
25. C Lakers North Carolina Henri Veesaar
45%
33. F Nets Iowa State Joshua Jefferson
41%
56. G Bulls Kentucky Otega Oweh
41%
24. C Knicks UConn Tarris Reed Jr.
41%
22. F 76ers Alabama Amari Allen
38%
40. G Celtics BYU Richie Saunders
38%
42. G Spurs Houston Emanuel Sharp
34%
46. G Magic Arizona Jaden Bradley
34%
47. F Suns Arkansas Trevon Brazile
34%
48. G Mavericks Tennessee Ja’Kobi Gillespie
31%
60. G Wizards Wisconsin Nick Boyd
31%
35. F Spurs St. John's Zuby Ejiofor
31%
41. G Heat Ohio State Bruce Thornton
28%
55. F Knicks South Florida Izaiyah Nelson
28%
52. F Clippers Houston Milos Uzan
28%
36. G Lakers Lousiville Ryan Conwell
28%
45. F Kings Purdue Trey Kaufman-Renn
28%
43. F Nets Cincinnati Baba Miller
24%
54. F Warriors Northwestern Nick Martinelli
24%
59. F Timberwolves St. John's Dillon Mitchell
21%
58. C Pelicans Tennessee Felix Okpara
21%
49. G Nuggets Miami (OH) Peter Suder
21%
34. F Kings Valencia Sergio De Larrea
21%
51. G Wizards Iowa State Tamin Lipsey
21%
50. F Raptors UCLA Tyler Bilodeau
21%
44. F Spurs Vanderbilt Tyler Nickel
21%
38. C Bulls Virginia Ugonna Onyenso
17%
53. F Rockets Virginia Tech Tobi Lawal
14%
57. F Hawks Grand Canyon Jaden Henley
3%
No matching quizzes found
Score Distribution
Percent of People with Each Score
Percentile by Number Answered
Your Score History
You have not taken this quiz since the last reset